Примерная программа дисциплины "Производственная санитария и гигиена труда"; (проект программы второго поколения); Безопасность жизнедеятельности; № 5

Détails bibliographiques
Parent link:Безопасность жизнедеятельности: научно-практический и учебно-методический журнал.— , 2001-
№ 5.— 2004.— С. 49-52
Autres auteurs: Глебова Е. В. (составитель), Прусенко Б. Е.
Langue:russe
Publié: 2004
Collection:Образование
Sujets:
Format: MixedMaterials Chapitre de livre
KOHA link:https://koha.lib.tpu.ru/cgi-bin/koha/opac-detail.pl?biblionumber=393228

MARC

LEADER 00000naa2a2200000 4500
001 393228
005 20231101064354.0
035 |a (RuTPU)RU\TPU\prd\29167 
090 |a 393228 
100 |a 20041026a2004 k y0rusy50 ca 
101 0 |a rus 
102 |a RU 
200 1 |a Примерная программа дисциплины "Производственная санитария и гигиена труда"  |a (проект программы второго поколения)  |f сост. Е. В. Глебова; Сост. Б. Е. Прусенко 
225 1 |a Образование 
461 1 |0 (RuTPU)RU\TPU\prd\1137  |t Безопасность жизнедеятельности  |o научно-практический и учебно-методический журнал  |d 2001- 
463 1 |0 (RuTPU)RU\TPU\prd\26737  |t № 5  |v С. 49-52  |d 2004 
610 1 |a образование 
610 1 |a примерные программы 
610 1 |a дисциплины 
610 1 |a производственная санитария 
610 1 |a гигиена труда 
702 1 |a Глебова  |b Е. В.  |4 220 
702 1 |a Прусенко  |b Б. Е.  |4 220 
801 1 |a RU  |b 63413507  |c 20041026  |g PSBO 
942 |c BK